000 01020nam a2200289 i 4500
001 000015229
003 DO-SdBNP
005 20240316073901.0
007 ta
008 100203s1998 dr 001 0 spa d
040 _aDO-SdBNP
_bspa
_cBNPHU
_erda
082 4 _a972.9304
_bA367m
_222
100 1 _aAlemar, Luis E.
_934472
245 1 0 _aMención de próceres de la separación /
_cLuis E. Alemar ; prólogo Frank Moya Pons ; edición Tomás Castro Burdiez.
260 _aSanto Domingo :
_bLibrería la Trinitaria,
_c1998.
300 _a131 páginas ;
_c21 cm.
336 _2rdacontent
_atexto
_btxt
337 _2rdamedia
_asin mediación
_bn
338 _2rdacarrier
_avolumen
_bnc
490 0 _aCuadernos patrioticos
_v5
590 _aInventariado, 2023/MFF
651 4 _aRepública Dominicana
_xHistoria
_yOcupación haitiana, 1822-1844
_97666
700 1 _aMoya Pons, Tomás,
_eprólogo
_934473
700 _aCastro, Tomás,
_d1959-
_eed.
_924641
910 _aValidado. Control de calidad MFF
942 _2ddc
_cLBS1
999 _c14798
_d14798